000 00334nam a22001457a 4500
008 221121b ||||| |||| 00| 0 eng d
020 _a9780323431125
041 _aeng
080 _2EIGHTH EDITION
_a610.73
082 _a610.73 BLA
100 _a7
101 _aINF
245 _aPROFESIONAL NURSING
_cBLACK P.B
942 _2udc
_cBK
999 _c58987
_d58987